El viaje del escritor. Las estructuras míticas para escritores, guionistas, dramaturgos y novelistas.
Gespeichert in:
| 1. Verfasser: | |
|---|---|
| Weitere Verfasser: | |
| Format: | Unbekannt |
| Veröffentlicht: |
Barcelona, España:
Man Non Troppo; Ediciones Robinbook,
2002.
|
| Schriftenreihe: | Creación
|
| Schlagworte: | |
| Tags: |
Tag hinzufügen
Keine Tags, Fügen Sie den ersten Tag hinzu!
|
MARC
| LEADER | 00000 a2200000 4500 | ||
|---|---|---|---|
| 003 | CL-VaPUC | ||
| 005 | 20250321101912.0 | ||
| 008 | 230522t2002 ||||| |||| 00| 0 eng d | ||
| 999 | |c 440372 |d 440370 | ||
| 020 | |a 978-84-95601-51-3 | ||
| 040 | |c Pontificia Universidad Católica de Valparaíso | ||
| 082 | |2 22 |a 808.23 VOG 2002 | ||
| 100 | |a Vogler, Cristopher |9 880996 |e autor | ||
| 245 | |a El viaje del escritor. |b Las estructuras míticas para escritores, guionistas, dramaturgos y novelistas. | ||
| 260 | |a Barcelona, España: |b Man Non Troppo; |b Ediciones Robinbook, |c 2002. | ||
| 300 | |a 364 páginas. | ||
| 490 | |a Creación | ||
| 500 | |a c.3-4: Instituto Arcos. 08-01-2025 | ||
| 583 | |k GC |c 20230522 | ||
| 650 | 0 | |9 259151 |a Literatura |x Viaje del héroe |v Estructura narrativa | |
| 650 | 0 | |9 882522 |a Obras narrativas |x Viaje del héroe |x Técnicas de escritura | |
| 650 | 0 | |9 264961 |a Películas cinematográficas |v Análisis literario |x Personajes |x Héroes | |
| 700 | |9 895546 |a Conde, Jorge |e traducción | ||
| 942 | |2 ddc |c BK |n 0 | ||
| 952 | |0 0 |1 0 |4 0 |6 808_007220000000000_VOG_2002 |7 0 |8 A |9 365936 |a FDOPOS |b FDOPOS |d 2019-11-21 |i 3912663 |o 808.00722 VOG 2002 |p 3912663 |r 2022-07-20 |w 2019-11-21 |y BK |k MLH | ||
| 952 | |0 0 |1 0 |2 ddc |4 0 |6 808_230000000000000_VOG_2002 |7 0 |8 A |9 590114 |a BIBCUR |b BIBCUR |c GEN |d 2023-05-22 |e 3 |g 31470.00 |i 5657447 |o 808.23 VOG 2002 |p 5657447 |r 2025-04-22 |t 2 |v 31470.00 |w 2023-05-22 |y BK |k PER | ||
| 952 | |0 0 |1 0 |2 ddc |4 0 |6 808_230000000000000_VOG_2002 |7 0 |8 A |9 599526 |a BIBINC |b BIBINC |d 2025-01-20 |e Instituto Arcos |i 5664479 |o 808.23 VOG 2002 |p 5664479 |r 2025-01-20 |t 3 |w 2025-01-20 |y BK |k IFP | ||
| 952 | |0 0 |1 0 |2 ddc |4 0 |6 808_230000000000000_VOG_2002 |7 0 |8 A |9 599527 |a BIBINC |b BIBINC |d 2025-01-20 |e Instituto Arcos |i 5664480 |o 808.23 VOG 2002 |p 5664480 |r 2025-01-20 |t 4 |w 2025-01-20 |y BK |k IFP | ||